[Event "XIII Abierto de la Constitucion"]
[Site "San Sebastian De Los Reyes"]
[Date "2011.12.04"]
[Round "3.5"]
[White "Nuñez Miranda, Adrian"]
[Black "Semprun Martinez, Fernando"]
[Result "1/2-1/2"]
[WhiteElo "1866"]
[BlackElo "2175"]
[PlyCount "47"]
[EventDate "2011.12.02"]

1. e4 e5 2. Bc4 Nf6 3. d3 Nc6 4. Nc3 Be7 5. Nge2 Na5 6. Bb3 O-O 7. O-O Nxb3 8.
axb3 d5 9. Nxd5 Nxd5 10. exd5 Qxd5 11. Nc3 Qc6 12. Qe2 Bd6 13. Qe4 Qxe4 14.
dxe4 Bd7 15. Be3 Bc6 16. f3 a6 17. Rfd1 Rad8 18. Nd5 Bxd5 19. Rxd5 c6 20. Rd3
Bc7 21. Rad1 Rxd3 22. Rxd3 Rd8 23. Rxd8+ Bxd8 24. Kf2 1/2-1/2

[Event "XIII Abierto de la Constitucion"]
[Site "San Sebastian De Los Reyes"]
[Date "2011.12.04"]
[Round "3.6"]
[White "Barez Menendez, Hector"]
[Black "Juberias Guillen, Paloma"]
[Result "1-0"]
[WhiteElo "2161"]
[BlackElo "1759"]
[PlyCount "67"]
[EventDate "2011.12.02"]

1. Nf3 d5 2. d4 c6 3. c4 e6 4. cxd5 exd5 5. Nc3 Bg4 6. Ne5 Bf5 7. g4 Bc8 8. Rg1
Bd6 9. Bf4 Nd7 10. Nd3 Bxf4 11. Nxf4 Qc7 12. e3 g5 13. Nh5 Qxh2 14. Rg2 Qc7 15.
Ng7+ Kf8 16. Nf5 Ndf6 17. Qc2 Ne7 18. Bd3 Bxf5 19. Bxf5 Ng6 20. O-O-O a6 21.
Kb1 b5 22. Ne2 a5 23. Ng3 Nh4 24. Rgg1 a4 25. Qc5+ Kg7 26. Rc1 Nf3 27. Rgd1 Qa5
28. Bd3 Nd2+ 29. Kc2 Nb3 30. Nf5+ Kg8 31. Qe7 Nxg4 32. Qxg5+ Kf8 33. Qe7+ Kg8
34. Nh6+ 1-0

[Event "XIII Abierto de la Constitucion"]
[Site "San Sebastian De Los Reyes"]
[Date "2011.12.04"]
[Round "3.7"]
[White "Nieto Esteban, Manuel"]
[Black "Lopez De Turiso Sanchez, Jose Angel"]
[Result "1/2-1/2"]
[WhiteElo "1760"]
[BlackElo "2065"]
[PlyCount "92"]
[EventDate "2011.12.02"]

1. b3 e5 2. Bb2 d6 3. e3 f5 4. d4 e4 5. c4 c6 6. d5 c5 7. f3 exf3 8. Nxf3 Nf6
9. Bd3 g6 10. Nbd2 Bg7 11. O-O O-O 12. Qc2 Na6 13. a3 Rb8 14. e4 fxe4 15. Nxe4
Nxe4 16. Bxe4 Bf5 17. Bxf5 Rxf5 18. Bxg7 Kxg7 19. Qc3+ Qf6 20. Qxf6+ Kxf6 21.
a4 Nc7 22. Rfe1 Re8 23. Rxe8 Nxe8 24. Re1 Nc7 25. h4 h6 26. Re3 g5 27. Re4 Rf4
28. hxg5+ hxg5 29. Re3 b6 30. g3 Rf5 31. Kg2 a6 32. Re4 b5 33. axb5 axb5 34.
Nd2 bxc4 35. bxc4 Nxd5 36. cxd5 Rxd5 37. Nf3 Rf5 38. Rc4 Ke6 39. g4 Rd5 40.
Re4+ Kf6 41. Kf2 Rd3 42. Ke2 Ra3 43. Rc4 Ra5 44. Re4 Ra2+ 45. Nd2 d5 46. Re8
Ra4 1/2-1/2

[Event "XIII Abierto de la Constitucion"]
[Site "San Sebastian De Los Reyes"]
[Date "2011.12.04"]
[Round "3.8"]
[White "Ramos Del Campo, Alexander"]
[Black "Largo Barbero, Benito"]
[Result "1-0"]
[WhiteElo "2038"]
[BlackElo "1798"]
[PlyCount "91"]
[EventDate "2011.12.02"]

1. e4 d6 2. d4 g6 3. Nc3 Bg7 4. g3 c6 5. Bg2 Qb6 6. Nge2 f5 7. O-O fxe4 8. Nxe4
Bf5 9. a4 Bxe4 10. Bxe4 Nd7 11. a5 Qc7 12. Nf4 Nf8 13. c4 Nf6 14. Bg2 e5 15.
Ne2 N8d7 16. a6 b6 17. Nc3 Rc8 18. d5 c5 19. Nb5 Qb8 20. f4 O-O 21. Bh3 Rce8
22. f5 e4 23. fxg6 Ne5 24. gxh7+ Kh8 25. Bf4 Re7 26. Qe2 Qd8 27. Be6 Nf3+ 28.
Rxf3 exf3 29. Qxf3 Nd7 30. Qe2 Ne5 31. Re1 Rf6 32. Nxd6 Ng6 33. Nb5 Nxf4 34.
gxf4 Rg6+ 35. Kh1 Rgxe6 36. dxe6 Qa8+ 37. Qe4 Qxe4+ 38. Rxe4 Bf6 39. Nc3 Bxc3
40. bxc3 Kxh7 41. f5 Kg7 42. Re5 Kf6 43. Rd5 Rc7 44. Rd7 Rxd7 45. exd7 Ke7 46.
Kg2 1-0

[Event "XIII Abierto de la Constitucion"]
[Site "San Sebastian De Los Reyes"]
[Date "2011.12.04"]
[Round "3.9"]
[White "Lobato Lavin, Alvaro"]
[Black "Sebastian Enesco, Alex"]
[Result "1-0"]
[WhiteElo "2033"]
[BlackElo "1784"]
[PlyCount "43"]
[EventDate "2011.12.02"]

1. e4 a6 2. d4 b5 3. f4 Bb7 4. Bd3 Nf6 5. Qe2 e6 6. Nf3 c5 7. c3 c4 8. Bc2 a5
9. O-O b4 10. Nbd2 Ba6 11. Nxc4 d5 12. exd5 Nxd5 13. Bd2 bxc3 14. bxc3 Bd6 15.
Nfe5 Bxc4 16. Ba4+ Kf8 17. Nxc4 Nb6 18. Nxb6 Qxb6 19. Rab1 Qa7 20. Qe4 g6 21.
f5 exf5 22. Bh6+ 1-0

[Event "XIII Abierto de la Constitucion"]
[Site "San Sebastian De Los Reyes"]
[Date "2011.12.04"]
[Round "3.10"]
[White "Cubillo Muñoz, Miguel"]
[Black "Dierssen Garcia-Barredo, Guillermo"]
[Result "0-1"]
[WhiteElo "2006"]
[BlackElo "1770"]
[PlyCount "96"]
[EventDate "2011.12.02"]

1. e4 c5 2. Nc3 Nc6 3. Nge2 g6 4. g3 Bg7 5. Bg2 d6 6. O-O e6 7. d3 Nge7 8. f4
O-O 9. Be3 b6 10. g4 d5 11. f5 d4 12. f6 dxe3 13. fxg7 Kxg7 14. Rf3 Ne5 15. Rg3
N7c6 16. g5 Nd4 17. Nf4 f6 18. gxf6+ Kh8 19. Nh5 e2 20. Nxe2 gxh5 21. c3 Ndc6
22. d4 h4 23. Rh3 Ba6 24. Qe1 Bxe2 25. dxe5 Bg4 26. Rxh4 Nxe5 27. Qg3 Qxf6 28.
Rxg4 Nxg4 29. Qxg4 Qf2+ 30. Kh1 Rg8 31. Qh3 Raf8 32. e5 Qxb2 33. Rd1 Rf2 34.
Be4 Rf7 35. Rf1 Qxc3 36. Bd3 Rxf1+ 37. Qxf1 Qxe5 38. h3 Qd5+ 39. Kh2 Qxa2+ 40.
Be2 Qb2 41. Kh1 Qe5 42. Bd3 Qg7 43. Bc4 Rf8 44. Qe2 Qa1+ 45. Kh2 Qd4 46. Kg2
Rg8+ 47. Kf3 Qf6+ 48. Ke4 Rg3 0-1

[Event "XIII Abierto de la Constitucion"]
[Site "San Sebastian De Los Reyes"]
[Date "2011.12.04"]
[Round "3.11"]
[White "Garcia-Ruiz Fuentes, Marcos"]
[Black "Gonzalez Berrendero, Carlos"]
[Result "1-0"]
[WhiteElo "1841"]
[BlackElo "1761"]
[PlyCount "117"]
[EventDate "2011.12.02"]

1. e4 e5 2. Bc4 Nf6 3. d4 exd4 4. Nf3 Bb4+ 5. c3 dxc3 6. bxc3 Be7 7. e5 Ng4 8.
h3 Nh6 9. Bxh6 gxh6 10. Qd5 Rf8 11. Nd4 c6 12. Nf5 Qc7 13. Qd4 b5 14. Nd6+ Kd8
15. Nxf7+ Ke8 16. Nd6+ Kd8 17. Be2 Qb6 18. Ne4 Qxd4 19. cxd4 b4 20. O-O Ba6 21.
Bxa6 Nxa6 22. f4 Nc7 23. f5 Rf7 24. f6 Bf8 25. Nbd2 Ne6 26. Nf3 a5 27. g4 a4
28. g5 Rb8 29. h4 hxg5 30. Nfxg5 Nxg5 31. Nxg5 Ke8 32. Nxf7 Kxf7 33. Kf2 Ke6
34. Ke3 c5 35. Ke4 cxd4 36. Kxd4 Rb5 37. Rae1 Rd5+ 38. Kc4 Rxe5 39. Rxe5+ Kxe5
40. Kb5 a3 41. f7 Ke6 42. Kc4 d5+ 43. Kd4 Ke7 44. Kxd5 Bg7 45. Kc4 Bf8 46. Kxb4
Ke6+ 47. Kc4 Ke7 48. Kd5 Bg7 49. Rf3 Bh6 50. Kc4 Kf8 51. Kb4 Bc1 52. Rxa3 Kxf7
53. Ra7+ Kg6 54. h5+ Kxh5 55. Rxh7+ Kg6 56. Rd7 Kf6 57. a4 Ke6 58. Rd1 Bf4 59.
a5 1-0

[Event "XIII Abierto de la Constitucion"]
[Site "San Sebastian De Los Reyes"]
[Date "2011.12.04"]
[Round "3.12"]
[White "Orellana Illescas, Julio"]
[Black "Perez Alvarez, Javier"]
[Result "0-1"]
[WhiteElo "1787"]
[BlackElo "1810"]
[PlyCount "99"]
[EventDate "2011.12.02"]

1. Nf3 d5 2. d4 Nf6 3. Bg5 e6 4. e3 Be7 5. Bd3 O-O 6. c4 h6 7. Bh4 b6 8. O-O
Bb7 9. Nbd2 Nbd7 10. Rc1 c5 11. Qe2 Rc8 12. Rfd1 Ne4 13. Bxe7 Qxe7 14. Bb1 Nxd2
15. Nxd2 cxd4 16. exd4 Nf6 17. b3 Rfd8 18. Nf1 dxc4 19. bxc4 {(=)} Qd6 20. Ne3
Qf4 21. g3 Qf3 22. Qxf3 Bxf3 23. Rd2 Rc7 24. Rc3 Rcd7 25. d5 Be4 26. Rc1 Bxb1
27. Rxb1 exd5 28. cxd5 Nxd5 29. Rbd1 Nf6 30. Rxd7 Rxd7 31. Rxd7 Nxd7 32. Nf5
Kf8 33. Kf1 g6 34. Nxh6 f5 35. g4 Kg7 36. g5 Nc5 37. h4 Ne4 38. Ke1 Nc3 39. a3
a6 40. f3 a5 41. Kf2 Nb5 42. f4 Nxa3 43. Ke2 Nc2 44. Kd2 Nd4 45. h5 Ne6 46.
hxg6 Kxg6 47. Ke3 a4 48. Kd2 Nxf4 49. Ng8 Nd5 50. Nh6 0-1

[Event "XIII Abierto de la Constitucion"]
[Site "San Sebastian De Los Reyes"]
[Date "2011.12.04"]
[Round "3.13"]
[White "Laguna Coca, Francisco Jesus"]
[Black "Aziz Ortego, Omar Luis"]
[Result "1-0"]
[WhiteElo "1744"]
[BlackElo "2139"]
[PlyCount "141"]
[EventDate "2011.12.02"]

1. e4 e5 2. Nf3 Nc6 3. Bb5 a6 4. Bxc6 dxc6 5. O-O Bg4 6. h3 Bxf3 7. Qxf3 Qf6 8.
Qxf6 Nxf6 9. Nc3 Bd6 10. d3 c5 11. f4 Nd7 12. fxe5 Bxe5 13. Bf4 f6 14. Bxe5
Nxe5 15. a4 O-O-O 16. b3 a5 17. Nd5 Rhe8 18. Rf5 b6 19. Raf1 Nc6 20. R5f2 Kb7
21. g4 Nd4 22. Ne3 Rd7 23. Nf5 Ne6 24. Ne3 h6 25. Nf5 h5 26. gxh5 Rh8 27. Ng3
Nd4 28. Kh2 Ka6 29. Rg1 c6 30. Nf5 Rxh5 31. Nxg7 Rh8 32. Nf5 Rdh7 33. Rg3 Ne6
34. h4 c4 35. bxc4 Nc5 36. Rg6 Rf8 37. Nh6 Nxa4 38. Rgxf6 Rxf6 39. Rxf6 Nc5 40.
Kh3 a4 41. Kg4 Nd7 42. Rf1 Rxh6 43. Kg5 Rf6 44. Ra1 Ka5 45. h5 Rf2 46. Rh1 a3
47. h6 Nf8 48. h7 Nxh7+ 49. Rxh7 Rxc2 50. e5 Rf2 51. e6 Kb4 52. Ra7 b5 53. cxb5
cxb5 54. e7 Re2 55. d4 Rxe7 56. Rxe7 Kc4 57. Rb7 b4 58. d5 a2 59. Ra7 b3 60. d6
b2 61. d7 b1=Q 62. Rc7+ Kd3 63. d8=Q+ Ke2 64. Re7+ Kf1 65. Rf7+ Kg1 66. Qd4+
Kh1 67. Qh4+ Kg1 68. Qf2+ Kh1 69. Qf1+ Kh2 70. Rf2+ Kg3 71. Qg2# 1-0

[Event "XIII Abierto de la Constitucion"]
[Site "San Sebastian De Los Reyes"]
[Date "2011.12.04"]
[Round "3.14"]
[White "Ballesteros Jimenez, Miguel Angel"]
[Black "Cueto, Johnny"]
[Result "0-1"]
[WhiteElo "1684"]
[BlackElo "2301"]
[PlyCount "64"]
[EventDate "2011.12.02"]

1. e4 d6 2. d4 Nf6 3. Nc3 e5 4. Nf3 Nbd7 5. Bc4 Be7 6. O-O O-O 7. Be3 c6 8. Bb3
b5 9. Nd2 a6 10. a4 Bb7 11. Re1 b4 12. Ne2 c5 13. d5 Ng4 14. Ng3 Nxe3 15. Rxe3
g6 16. Nc4 h6 17. Nf5 gxf5 18. Rg3+ Kh7 19. Qh5 Bg5 20. Nxd6 Nf6 21. Nxb7 Nxh5
22. Nxd8 Nxg3 23. hxg3 Rfxd8 24. exf5 Kg7 25. Rd1 Rd6 26. g4 e4 27. Kf1 Re8 28.
Re1 Bf6 29. c4 bxc3 30. bxc3 Bxc3 31. Re2 Rb8 32. Bc4 Rb1+ 0-1

[Event "XIII Abierto de la Constitucion"]
[Site "San Sebastian De Los Reyes"]
[Date "2011.12.04"]
[Round "3.15"]
[White "Quevedo Marin, Manuel"]
[Black "Sanchez Tapia, Luis Gabriel"]
[Result "1-0"]
[WhiteElo "2184"]
[BlackElo "1605"]
[PlyCount "87"]
[EventDate "2011.12.02"]

1. d4 Nf6 2. c4 d6 3. Nc3 g6 4. e4 Bg7 5. f4 e6 6. Nf3 O-O 7. Be2 c6 8. O-O d5
9. e5 Ne8 10. b3 Nc7 11. Ba3 Re8 12. Bd6 Nd7 13. h4 Kh8 14. h5 Rg8 15. Ng5 Nxe5
16. Bxe5 Qe7 17. hxg6 fxg6 18. Qd3 Bxe5 19. dxe5 Bd7 20. Rf3 Raf8 21. Rh3 Rg7
22. Rf1 b5 23. cxb5 cxb5 24. Qd4 b4 25. Na4 Bb5 26. Bxb5 Nxb5 27. Qc5 Nc3 28.
Qxe7 Rxe7 29. Nxc3 bxc3 30. Rxc3 h6 31. Nh3 Rb7 32. Rc6 Re8 33. Rfc1 Ree7 34.
Nf2 h5 35. Nd3 Rb8 36. Kf2 Kg7 37. Rc7 Rb7 38. Rxe7+ Rxe7 39. Rc6 h4 40. Kf3 g5
41. fxg5 Kg6 42. Kg4 Re8 43. Nf4+ Kf7 44. g6+ 1-0

[Event "XIII Abierto de la Constitucion"]
[Site "San Sebastian De Los Reyes"]
[Date "2011.12.04"]
[Round "3.16"]
[White "Palenciano Escolar, Adrian"]
[Black "Camarero Izquierdo, Juan Carlos"]
[Result "0-1"]
[WhiteElo "1623"]
[BlackElo "1915"]
[PlyCount "76"]
[EventDate "2011.12.02"]

1. e4 c5 2. Nf3 d6 3. d4 cxd4 4. Nxd4 Nf6 5. Nc3 a6 6. Bg5 e6 7. f4 Nbd7 8. Qf3
Qc7 9. g4 b5 10. O-O-O b4 11. Nce2 Bb7 12. Ng3 Rc8 13. Bd3 Be7 14. h4 h6 15.
Bxf6 Bxf6 16. Nb3 a5 17. g5 Bxb2+ 18. Kxb2 a4 19. Ne2 axb3 20. axb3 h5 21. Qe3
O-O 22. Rhf1 Ra8 23. Ra1 g6 24. Qd4 d5 25. Qxb4 Nc5 26. e5 Nxd3+ 27. cxd3 Ba6
28. Rfd1 Rfb8 29. Qc3 Qb6 30. Qc2 Qf2 31. Rh1 Rb6 32. Raf1 Qe3 33. Nc1 Qd4+ 34.
Qc3 Qa4 35. Kc2 Qa3 36. Qb2 Rc8+ 37. Kb1 Bxd3+ 38. Nxd3 Rxb3 0-1

[Event "XIII Abierto de la Constitucion"]
[Site "San Sebastian De Los Reyes"]
[Date "2011.12.04"]
[Round "3.17"]
[White "Sacristan Virseda, Fernando"]
[Black "Ojosnegros Martin, Angel"]
[Result "1-0"]
[WhiteElo "1891"]
[BlackElo "1475"]
[PlyCount "73"]
[EventDate "2011.12.02"]

1. e4 e5 2. Nf3 Nc6 3. Bc4 Bc5 4. Qe2 Nf6 5. Ng5 O-O 6. Nxf7 Rxf7 7. Bxf7+ Kxf7
8. Qc4+ d5 9. Qxc5 Nxe4 10. Qe3 Nd4 11. Na3 Qd6 12. O-O Kf8 13. d3 Nf6 14. f3
Be6 15. c3 Nc6 16. Nb5 Qe7 17. d4 exd4 18. Nxd4 Nxd4 19. cxd4 Re8 20. Bd2 Qd6
21. Rfe1 Qb6 22. Qc3 Rc8 23. Qb4+ Qxb4 24. Bxb4+ Kf7 25. Rac1 a6 26. Kf2 b6 27.
Re2 c5 28. dxc5 bxc5 29. Rxc5 Rxc5 30. Bxc5 Nd7 31. b4 a5 32. Ke3 axb4 33. Bxb4
Nb6 34. Kd4 Kf6 35. Kc5 Nc4 36. a4 Ne5 37. Bc3 1-0

[Event "XIII Abierto de la Constitucion"]
[Site "San Sebastian De Los Reyes"]
[Date "2011.12.04"]
[Round "3.18"]
[White "Del Campo Lobo, Joaquin"]
[Black "Gueler Berdasco, Martin"]
[Result "0-1"]
[WhiteElo "1608"]
[BlackElo "1879"]
[PlyCount "82"]
[EventDate "2011.12.02"]

1. d4 Nf6 2. c4 c5 3. Nf3 cxd4 4. Nxd4 g6 5. Bg5 Ne4 6. Be3 Bg7 7. Qd3 Qa5+ 8.
Nd2 Nc5 9. Qb1 Na4 10. b4 Qh5 11. g3 Nc6 12. N2f3 d5 13. Qc2 Nb6 14. b5 Nxd4
15. Bxd4 Bxd4 16. Nxd4 Nxc4 17. e3 e5 18. Bxc4 exd4 19. Be2 Bg4 20. exd4 O-O
21. Bxg4 Qxg4 22. Qd3 Rfe8+ 23. Kd2 Re4 24. f3 Qg5+ 25. Kc2 Re3 26. Qd1 Qf5+
27. Kb2 Rxf3 28. Rf1 Rf2+ 29. Kb3 Re8 30. Kb4 Rc8 31. a3 b6 32. Rxf2 Rc4+ 33.
Kb3 Qxf2 34. Qd3 Rxd4 35. Qc3 Rc4 36. Qd3 Qc5 37. Ka2 d4 38. Rd1 Rc3 39. Qxd4
Qxa3+ 40. Kb1 Rb3+ 41. Kc2 Qa2+ 0-1

[Event "XIII Abierto de la Constitucion"]
[Site "San Sebastian De Los Reyes"]
[Date "2011.12.04"]
[Round "3.20"]
[White "Cabeza Hernandez, Guillermo"]
[Black "De La Orden Alcocer, Alejandro"]
[Result "0-1"]
[WhiteElo "1551"]
[BlackElo "1853"]
[PlyCount "76"]
[EventDate "2011.12.02"]

1. c4 e5 2. Nc3 Nc6 3. g3 f5 4. Bg2 Nf6 5. d3 Bc5 6. e3 a5 7. Nge2 d6 8. O-O
O-O 9. d4 Ba7 10. a3 Qe8 11. d5 Ne7 12. b4 Bd7 13. Rb1 axb4 14. Rxb4 Bc5 15.
Rxb7 Bb6 16. c5 Bxc5 17. Rxc7 Qb8 18. Rxc5 dxc5 19. d6 Nc6 20. Nd5 e4 21. Nc7
Ra7 22. f3 Ne5 23. fxe4 fxe4 24. Bxe4 Nxe4 25. Qd5+ Nf7 26. Qxe4 Nxd6 27. Qd5+
Nf7 28. Qxd7 Rxc7 29. Qa4 Qc8 30. Qc4 Kh8 31. Bb2 Nd6 32. Rxf8+ Qxf8 33. Qc3
Ne4 34. Qe1 Qf3 35. Nf4 Rd7 36. Bxg7+ Rxg7 37. Ne6 Rf7 38. Nxc5 Ng5 0-1

[Event "XIII Abierto de la Constitucion"]
[Site "San Sebastian De Los Reyes"]
[Date "2011.12.04"]
[Round "3.23"]
[White "Salgado Duarte, Pablo"]
[Black "Balsinde Montemayor, Pablo"]
[Result "0-1"]
[WhiteElo "1500"]
[BlackElo "1790"]
[PlyCount "62"]
[EventDate "2011.12.02"]

1. d4 d5 2. Nc3 c6 3. Nf3 Nf6 4. Bg5 e6 5. a3 Nbd7 6. e4 h6 7. Bxf6 Nxf6 8. e5
Ne4 9. Nxe4 dxe4 10. Ng1 Qb6 11. b4 a5 12. c3 axb4 13. cxb4 Bxb4+ 14. axb4
Qxb4+ 15. Ke2 Qb2+ 16. Qd2 Qxd2+ 17. Kxd2 Rxa1 18. Ne2 b6 19. Nc1 f5 20. g3 Ke7
21. Be2 Ra4 22. Kc3 Bb7 23. Rd1 Ba6 24. Bxa6 Rxa6 25. Nb3 c5 26. h3 Ra4 27. g4
f4 28. Re1 cxd4+ 29. Kd2 e3+ 30. fxe3 Ra2+ 31. Kc1 dxe3 0-1

[Event "XIII Abierto de la Constitucion"]
[Site "San Sebastian De Los Reyes"]
[Date "2011.12.04"]
[Round "3.28"]
[White "Al-Zarif Zabala, Bassam"]
[Black "Hernandez Ramos, Alberto"]
[Result "1-0"]
[WhiteElo "1701"]
[BlackElo "1430"]
[PlyCount "57"]
[EventDate "2011.12.02"]

1. e4 e6 2. Qe2 Be7 3. Nf3 Nf6 4. Nc3 d5 5. exd5 Nxd5 6. Ne4 Nc6 7. a3 O-O 8.
d3 f5 9. Ng3 Bc5 10. Qd1 Re8 11. Be2 e5 12. O-O e4 13. dxe4 fxe4 14. Bc4 Nce7
15. Nxe4 Bb6 16. Bg5 c6 17. Re1 Kf8 18. Ne5 Bf5 19. Qf3 Kg8 20. Bb3 Bxe4 21.
Qxe4 Bc5 22. c4 Nf6 23. Bxf6 gxf6 24. Qg4+ Ng6 25. Nxg6 hxg6 26. Qxg6+ Kh8 27.
Rxe8+ Qxe8 28. Qxf6+ Kh7 29. Qf5+ 1-0

[Event "XIII Abierto de la Constitucion"]
[Site "San Sebastian De Los Reyes"]
[Date "2011.12.04"]
[Round "3.30"]
[White "Perez-Nuñez Castillo, Jose Antonio"]
[Black "Jimenez Perez, Federico"]
[Result "1-0"]
[WhiteElo "1665"]
[BlackElo "1304"]
[PlyCount "59"]
[EventDate "2011.12.02"]

1. Nf3 Nf6 2. d4 d5 3. c4 e6 4. Bg5 Be7 5. e3 h6 6. Bxf6 Bxf6 7. Nc3 O-O 8. Bd3
Nc6 9. a3 a6 10. Rc1 Bd7 11. cxd5 exd5 12. Nxd5 Bg4 13. Nxf6+ Qxf6 14. Be2 Rad8
15. O-O Rfe8 16. h3 Bh5 17. Re1 Bxf3 18. Bxf3 Rd6 19. b4 b5 20. Qb3 Ne7 21.
Rxc7 Kh8 22. Rec1 Rf8 23. Ra7 g6 24. Rcc7 Re8 25. Qc2 Qg5 26. Qc5 Nf5 27. Rxf7
h5 28. Rxf5 Qd8 29. Rff7 Rde6 30. Rh7+ 1-0

[Event "XIII Abierto de la Constitucion"]
[Site "San Sebastian De Los Reyes"]
[Date "2011.12.05"]
[Round "4.1"]
[White "Almagro Llamas, Pablo"]
[Black "Hernando Pertierra, Jose Carlos"]
[Result "1-0"]
[WhiteElo "2461"]
[BlackElo "2373"]
[PlyCount "87"]
[EventDate "2011.12.02"]

1. e4 g6 2. d4 Bg7 3. c4 c5 4. d5 e5 5. Nc3 d6 6. Be3 Ne7 7. g4 h5 8. g5 a6 9.
a4 Nd7 10. Qd2 b6 11. Nge2 Rb8 12. Nc1 O-O 13. Nd3 Kh7 14. Bh3 f5 15. gxf6 Nxf6
16. Bxc8 Qxc8 17. h3 Neg8 18. f4 b5 19. axb5 axb5 20. fxe5 b4 21. Nb5 Nxe4 22.
Qg2 Qf5 23. Rf1 Qxf1+ 24. Qxf1 Rxf1+ 25. Kxf1 Bxe5 26. Nxe5 dxe5 27. Ra7+ Kh8
28. Ke2 g5 29. Kd3 Ngf6 30. Re7 g4 31. hxg4 h4 32. g5 h3 33. Ra7 Ng3 34. gxf6
e4+ 35. Kc2 h2 36. Ra1 Kh7 37. Bf4 Ra8 38. Bxg3 Rxa1 39. Bxh2 Kg6 40. Nd6 b3+
41. Kd2 Kxf6 42. Nxe4+ Kf5 43. Nxc5 Rh1 44. Bc7 1-0

[Event "XIII Abierto de la Constitucion"]
[Site "San Sebastian De Los Reyes"]
[Date "2011.12.05"]
[Round "4.2"]
[White "Semprun Martinez, Fernando"]
[Black "Barez Menendez, Hector"]
[Result "0-1"]
[WhiteElo "2175"]
[BlackElo "2161"]
[PlyCount "72"]
[EventDate "2011.12.02"]

1. e4 e5 2. Bc4 Nf6 3. d3 c6 4. Nf3 d5 5. Bb3 Bd6 6. exd5 Nxd5 7. O-O O-O 8.
Re1 Nd7 9. Nbd2 Bc7 10. Nc4 Re8 11. Bg5 f6 12. Bh4 Kh8 13. d4 exd4 14. Rxe8+
Qxe8 15. Qxd4 b5 16. Re1 Qf8 17. Ncd2 Bb7 18. c4 Bb6 19. Qe4 Nc5 20. Qe2 Nf4
21. Qe7 Qxe7 22. Rxe7 Ng6 23. Rf7 Bc8 24. Bc2 Kg8 25. Bxg6 hxg6 26. Re7 Be6 27.
Bg3 Bd8 28. Re8+ Kf7 29. Rh8 bxc4 30. Bc7 Nb7 31. Nd4 Bd5 32. f3 Rc8 33. Bf4
Nc5 34. Bd6 Ne6 35. Nxe6 Bb6+ 36. Nc5 Rxh8 0-1

[Event "XIII Abierto de la Constitucion"]
[Site "San Sebastian De Los Reyes"]
[Date "2011.12.05"]
[Round "4.3"]
[White "Bustos Serrano, Doroteo"]
[Black "Nuñez Miranda, Adrian"]
[Result "1-0"]
[WhiteElo "2120"]
[BlackElo "1866"]
[PlyCount "83"]
[EventDate "2011.12.02"]

1. e4 d6 2. d4 Nf6 3. Bd3 e5 4. c3 d5 5. Bg5 dxe4 6. Bxe4 exd4 7. cxd4 Bb4+ 8.
Nc3 O-O 9. Nge2 Qe8 10. Bf3 Ne4 11. Be3 Nd7 12. O-O Ndf6 13. Nxe4 Nxe4 14. Qc2
Bf5 15. Qxc7 Bd6 16. Qa5 Bg6 17. Rfe1 Qe7 18. Nf4 Bb4 19. Nd5 Bxa5 20. Nxe7+
Kh8 21. Nxg6+ hxg6 22. Bxe4 Bxe1 23. Rxe1 f5 24. Bd3 Rad8 25. f4 Rfe8 26. Kf2
g5 27. g3 gxf4 28. gxf4 g6 29. Bd2 Rxe1 30. Bxe1 Kg7 31. Bc3 Kf8 32. Bc4 Ke7
33. d5 a6 34. Ke3 b5 35. Bb3 Kd7 36. Be5 Re8 37. d6 g5 38. a4 g4 39. Bc2 Ke6
40. axb5 axb5 41. Bd3 Rb8 42. d7 1-0

[Event "XIII Abierto de la Constitucion"]
[Site "San Sebastian De Los Reyes"]
[Date "2011.12.05"]
[Round "4.4"]
[White "Lopez De Turiso Sanchez, Jose Angel"]
[Black "Laguna Coca, Francisco Jesus"]
[Result "1-0"]
[WhiteElo "2065"]
[BlackElo "1744"]
[PlyCount "63"]
[EventDate "2011.12.02"]

1. d4 Nf6 2. c4 e6 3. Bg5 Be7 4. Nc3 O-O 5. e4 d6 6. f4 h6 7. Bh4 Nxe4 8. Bxe7
Nxc3 9. Bxd8 Nxd1 10. Bxc7 Nxb2 11. Bxd6 Rd8 12. c5 Na4 13. Rc1 b6 14. Bb5 Bb7
15. Kf2 bxc5 16. dxc5 Bc6 17. Be2 Nd7 18. Nf3 Rdc8 19. Ba6 Rd8 20. Nd4 Bd5 21.
Bb5 Nb2 22. Rc2 a6 23. Bxd7 Nd3+ 24. Ke3 Rxd7 25. Kxd3 f5 26. Rb2 Rb7 27. Rxb7
Bxb7 28. c6 Bc8 29. Rb1 Kf7 30. Nf3 a5 31. Ne5+ Ke8 32. Rb7 1-0

[Event "XIII Abierto de la Constitucion"]
[Site "San Sebastian De Los Reyes"]
[Date "2011.12.05"]
[Round "4.5"]
[White "Dierssen Garcia-Barredo, Guillermo"]
[Black "Ramos Del Campo, Alexander"]
[Result "1/2-1/2"]
[WhiteElo "1770"]
[BlackElo "2038"]
[PlyCount "65"]
[EventDate "2011.12.02"]

1. d4 Nf6 2. c4 c5 3. d5 e6 4. Nc3 exd5 5. cxd5 d6 6. e4 g6 7. Bd3 Bg7 8. Nge2
O-O 9. O-O Re8 10. Ng3 a6 11. a4 Qc7 12. h3 c4 13. Bc2 Nbd7 14. f4 b6 15. Qf3
Rb8 16. Be3 Nc5 17. Qf2 Nfd7 18. e5 dxe5 19. f5 Nf6 20. Bg5 Rf8 21. fxg6 fxg6
22. Qd2 b5 23. d6 Qb6 24. Kh1 Be6 25. Bxf6 Rxf6 26. Rxf6 Bxf6 27. Nd5 Bxd5 28.
Qxd5+ Kg7 29. a5 Qa7 30. Rf1 Rc8 31. Bf5 Rf8 32. Ne4 Nxe4 33. Bxe4 1/2-1/2

[Event "XIII Abierto de la Constitucion"]
[Site "San Sebastian De Los Reyes"]
[Date "2011.12.05"]
[Round "4.6"]
[White "Nieto Esteban, Manuel"]
[Black "Lobato Lavin, Alvaro"]
[Result "1/2-1/2"]
[WhiteElo "1760"]
[BlackElo "2033"]
[PlyCount "127"]
[EventDate "2011.12.02"]

1. d3 Nf6 2. c4 g6 3. Nf3 Bg7 4. Nc3 O-O 5. g3 d6 6. Bg2 c5 7. O-O Nc6 8. h3
Bd7 9. Be3 a6 10. Qc1 Rb8 11. Bh6 b5 12. Bxg7 Kxg7 13. b3 b4 14. Nd1 e5 15. Ne3
Nh5 16. Nc2 f5 17. e3 Qe7 18. d4 e4 19. Nh2 Nf6 20. dxc5 dxc5 21. Rd1 Rbd8 22.
Qb2 Ne5 23. Ne1 Bc6 24. Qc2 a5 25. Rxd8 Rxd8 26. Rd1 Rd6 27. Rxd6 Qxd6 28. Bf1
h5 29. Be2 Nh7 30. Qd1 Qxd1 31. Bxd1 Ng5 32. h4 Ngf3+ 33. Nhxf3 exf3 34. Bc2
Kf6 35. Kf1 Be4 36. Kg1 Bxc2 37. Nxc2 Nd3 38. Kf1 Ke5 39. a4 bxa3 40. Nxa3 Nc1
41. Ke1 Nxb3 42. Kd1 Ke4 43. Kc2 a4 44. Nb5 Na5 45. Nc3+ Ke5 46. Nxa4 Nxc4 47.
Kd3 Nd6 48. Nxc5 Kd5 49. Nd7 Ne4 50. Nf8 Nxf2+ 51. Kd2 Ne4+ 52. Ke1 Nxg3 53.
Kf2 Ke4 54. Kxg3 Kxe3 55. Nxg6 f2 56. Kg2 f4 57. Nxf4 f1=Q+ 58. Kxf1 Kxf4 59.
Kf2 Kg4 60. Kg2 Kxh4 61. Kh2 Kg4 62. Kg2 h4 63. Kh2 h3 64. Kg1 1/2-1/2

[Event "XIII Abierto de la Constitucion"]
[Site "San Sebastian De Los Reyes"]
[Date "2011.12.05"]
[Round "4.7"]
[White "Cueto, Johnny"]
[Black "Alvarez Gonzalez, Eduardo"]
[Result "1-0"]
[WhiteElo "2301"]
[BlackElo "1814"]
[PlyCount "89"]
[EventDate "2011.12.02"]

1. e4 c6 2. Nc3 d5 3. d4 dxe4 4. Nxe4 Bf5 5. Ng3 Bg6 6. Nf3 Nd7 7. h4 h6 8. h5
Bh7 9. Bd3 Bxd3 10. Qxd3 Qc7 11. Rh4 e6 12. Bf4 Bd6 13. Bxd6 Qxd6 14. Ne4 Qe7
15. O-O-O O-O-O 16. c4 Ngf6 17. Qe2 Nxe4 18. Rxe4 Nf6 19. Re5 Qc7 20. Kb1 Ng4
21. Re4 Nf6 22. Re5 Ng4 23. Re4 Nf6 24. Rh4 Rd6 25. Rd2 Rhd8 26. Qe3 Kb8 27. g4
c5 28. g5 cxd4 29. Qe5 hxg5 30. Nxg5 R6d7 31. Nf3 d3 32. h6 Qxe5 33. Nxe5 Rc7
34. hxg7 Ng8 35. Rh8 f6 36. Rxd3 Rdc8 37. Nd7+ Ka8 38. b3 b6 39. Rd6 Kb7 40.
Nf8 Rxg7 41. Nxe6 Rg1+ 42. Kb2 Re8 43. Rh7+ Kb8 44. Rdd7 Rxe6 45. Rd8# 1-0